Yogurcito REMIX - Blessd, Anuel AA, Yan Block, Luar La L, Roa, Kris R - Estadísticas

Estadísticas generales
  • Esta prueba ha sido intentada 70 veces
  • La puntuación promedio es 534 de 922
Estadísticas de respuestas
Letra % Correcto
e
100%
a
97%
94%
ma
94%
94%
94%
tu
94%
Y
94%
y
94%
es
91%
Es
91%
por
91%
Por
91%
que
91%
qué
91%
Qué
91%
Que
91%
yo
91%
Yo
91%
me
88%
Me
88%
mi
88%
88%
Mi
88%
o
88%
se
88%
Se
88%
88%
va
88%
co
85%
con
85%
Donde
85%
donde
85%
En
85%
en
85%
la
85%
pensarme
85%
no
82%
No
82%
Si
82%
si
82%
82%
te
82%
Te
82%
de
79%
79%
esté
79%
ha
79%
sea
79%
totito
79%
di
76%
Eh
76%
eh
76%
el
76%
él
76%
El
76%
esta
76%
Esta
76%
está
76%
foto
76%
lo
76%
Lo
76%
más
76%
Más
76%
pa
76%
Pa
76%
baby
73%
Baby
73%
ese
73%
Ese
73%
para
73%
porno
73%
un
73%
estoy
70%
las
70%
Las
70%
los
70%
manda
70%
Miéntete
70%
quiero
70%
una
70%
cuarto
67%
del
67%
hace
67%
llegarle
67%
puta
67%
Rico
67%
rico
67%
ti
67%
ubi
67%
usted
67%
Usted
67%
verte
67%
adicto
64%
conformo
64%
mami
64%
Mami
64%
solo
64%
su
64%
toto
64%
vamo
64%
Bonita
61%
coloco
61%
cuando
61%
culo
61%
Le
61%
le
61%
Mándame
61%
tiene
61%
Tiene
61%
chimbita
58%
dice
58%
Dice
58%
huele
58%
jalo
58%
Papi
58%
pelo
58%
prenda
58%
tus
58%
cama
55%
fruta
55%
hijueputa
55%
moja
55%
otro
55%
piquete
55%
tetita
55%
venir
55%
Ave
52%
aventura
52%
baja
52%
caro
52%
hago
52%
pregunten
52%
quitarte
52%
toco
52%
Tussi
52%
tuyo
52%
Anuel
48%
pensarte
48%
booty
45%
como
45%
cómo
45%
esa
45%
Esa
45%
gusta
45%
panty
45%
quitas
45%
chingarno
42%
enamoró
42%
haces
42%
lambo
42%
tan
42%
vas
42%
chula
39%
corazón
39%
cuatro
39%
da
39%
hotel
39%
mandó
39%
paraíta
39%
roto
39%
sabe
39%
sube
39%
cabrón
36%
cámara
36%
cuerpo
36%
Culiacán
36%
dejó
36%
dejo
36%
ninfoma
36%
picheo
36%
recámara
36%
shot
36%
siempre
36%
Siempre
36%
water
36%
ah
33%
AP
33%
bien
33%
eso
33%
Glock
33%
llover
33%
mis
33%
mismo
33%
molly
33%
nota
33%
palabras
33%
Porque
33%
sobran
33%
tírame
33%
todo
33%
al
30%
crazy
30%
cura
30%
despué
30%
Ere
30%
ere
30%
grise
30%
habla
30%
mueve
30%
nubes
30%
11
27%
aburrida
27%
arreglamo
27%
Beyoncé
27%
carechimba
27%
Dime
27%
doradita
27%
FERXXO
27%
hacer
27%
KAROL
27%
mano
27%
nadie
27%
acá
24%
Ante
24%
así
24%
bebé
24%
chingando
24%
cielo
24%
culearte
24%
diabla
24%
discutimo
24%
empinarte
24%
flow
24%
fumamo
24%
karate
24%
llevo
24%
loco
24%
meta
24%
meto
24%
Meto
24%
persona
24%
puré
24%
voy
24%
bate
21%
Chencho
21%
chimba
21%
entonce
21%
estaba
21%
hay
21%
JAY
21%
Lazy
21%
linda
21%
Linda
21%
McGrady
21%
menciona
21%
moje
21%
Navy
21%
nido
21%
Norinco
21%
pare
21%
partimos
21%
polvo
21%
Prendí
21%
putita
21%
rede
21%
soldado
21%
tabla
21%
tomo
21%
Tracy
21%
Vitafer
21%
Z
21%
aguja
18%
ahora
18%
buscarte
18%
castigo
18%
conviertas
18%
demasia
18%
encabrona
18%
enrolamo
18%
envolviendo
18%
envuelto
18%
ex
18%
hacemo
18%
indirecta
18%
marcan
18%
ninfomaníaca
18%
nos
18%
quedo
18%
reloj
18%
siete
18%
Soy
18%
Sportacus
18%
templo
18%
venimo
18%
amor
15%
besito
15%
brillo
15%
comerte
15%
contigo
15%
deseo
15%
Dios
15%
embarazo
15%
moisé
15%
nunca
15%
palo
15%
pegado
15%
pero
15%
pide
15%
pido
15%
prefiero
15%
preñarte
15%
religión
15%
rica
15%
Son
15%
también
15%
Town
15%
verdad
15%
adentro
12%
chingarte
12%
cogió
12%
dar
12%
disparate
12%
echo
12%
echó
12%
fea
12%
miento
12%
Moisés
12%
mojado
12%
Pablo
12%
patea
12%
toque
12%
yogurcito
12%
aceite
9%
apunté
9%
aquí
9%
Aquí
9%
arreglo
9%
arreguinda
9%
blunt
9%
cherry
9%
dedito
9%
diosa
9%
Ella
9%
esforzarse
9%
estar
9%
glue
9%
granizado
9%
je
9%
mare
9%
millonaria
9%
pensando
9%
perico
9%
prende
9%
princesa
9%
pues
9%
siento
9%
Acérquese
6%
achina
6%
amorcito
6%
ando
6%
baba
6%
Blanquita
6%
cita
6%
despacio
6%
disparaste
6%
Dividiendo
6%
fresa
6%
llama
6%
lubricante
6%
ojo
6%
Patico
6%
prendo
6%
represa
6%
ritual
6%
sexo
6%
Tanta
6%
tuvo
6%
barrio
3%
busco
3%
cachamo
3%
chimbo
3%
cine
3%
cobraras
3%
Compro
3%
darte
3%
dedo
3%
falda
3%
hacerte
3%
Hoy
3%
hoy
3%
Jaja
3%
juro
3%
llena
3%
mamarte
3%
miel
3%
Monserrate
3%
picheaera
3%
Primera
3%
punté
3%
reina
3%
sexy
3%
velas
3%
vista
3%
acabé
0%
bajarle
0%
decirle
0%
encanta
0%
enredas
0%
fluya
0%
fuera
0%
fuiste
0%
hablar
0%
Hagámoslo
0%
irme
0%
jet
0%
María
0%
mezclo
0%
muy
0%
parece
0%
parecido
0%
ski
0%
venga
0%
Venga
0%
voleé
0%
No se encontraron pruebas coincidentes
Distribución de puntuación
Porcentaje de gente con cada puntuación
Porcentaje por número respondido
Historial de tus puntuaciones
No has intentado esta prueba.